Music Quiz

Random Music or Song Quiz

1970s Lyric Match II Quiz Stats

Quiz Updated Aug 20, 2016

Also try: 1970s Lyric Match
Challenge
Share
Tweet
Embed
Score 0/25 Timer 08:00
12 Plays Today
% Correct
Another Brick in the Wall, Pt. 2 - Pink Floyd
93.6%
You're So Vain - Carly Simon
92.3%
Hotel California - Eagles
91.9%
Dancing Queen - ABBA
89.6%
Heart of Glass - Blondie
87.8%
The Boys Are Back In Town - Thin Lizzy
86.5%
Piano Man - Billy Joel
86.4%
Stairway to Heaven - Led Zeppelin
85.3%
Bohemian Rhapsody - Queen
84.7%
50 Ways to Leave Your Lover - Paul Simon
81.8%
Fly Like an Eagle - Steve Miller Band
77.3%
Wonderful Tonight - Eric Clapton
71.9%
You Light Up My Life - Debby Boone
70.7%
% Correct
Baba O'Riley - The Who
70.2%
Rikki Don't Lose That Number - Steely Dan
65%
Turn the Page - Bob Seger & the Silver Bullet Band
56.7%
Walk This Way - Aerosmith
55.5%
Dream Weaver - Gary Wright
53.8%
Hot Stuff - Donna Summer
53.3%
Long Cool Woman (in a Black Dress) - The Hollies
52%
Blitzkrieg Bop - Ramones
49.5%
I Was Made For Lovin' You - KISS
48.7%
Stayin' Alive - Bee Gees
47.1%
Radio Radio - Elvis Costello
45.8%
You Ain't Seen Nothing Yet - Bachman–Turner Overdrive
35.8%

You're not logged in!

Compare scores with friends on all Sporcle quizzes.
Join for Free
OR
Log In

You Might Also Like...

Show Comments

Extras

Top Quizzes Today


Score Distribution

Your Account Isn't Verified!

In order to create a playlist on Sporcle, you need to verify the email address you used during registration. Go to your Sporcle Settings to finish the process.

Report this User

Report this user for behavior that violates our Community Guidelines.

Details: